000 01004nam a22003017a 4500
003 CHAP
005 20220329134142.0
008 971013s1959 r 00010 d
010 _a16214
011 _a17186
035 _a21269
040 _cCHAP
082 _a338.17361
_bG8
100 0 0 _aGutiérrez Ayala, Emilio.
_951627
245 _aProducción de azúcar actual y futura, en los ingenios mexicanos
260 _aMéxico, D.F., :
_bSubsecretaría de Agricultura,
_c1959
300 _a52 h.
_b: apénd. ; gráfs
590 _aBATCH-UPD
_b10
_c20130110
_lUCH01
_h1245
590 _aBATCH-UPD
_b10
_c20130410
_lUCH01
_h0810
590 _aBATCH-UPD
_b10
_c20130914
_lUCH01
_h0509
590 _aCONVERSION
_b10
_c20130109
_lUCH01
_h1310
650 1 4 _aAzúcar
_xConsumo
_xMéxico.
_99148
650 1 4 _aAzúcar
_xProducción
_xMéxico.
_99174
650 1 4 _aPolítica azucarera
_xMéxico.
_990445
901 _aBK
942 _cLIBRO
949 _a338.17361 G8
_bBC
_cLIBRO
_d33724000116687
_eLIBRO
_h35416
_i21269
_si
999 _c16214
_d16214